<?xml version="1.0" encoding="UTF-8"?>
<record
    xmlns:xsi="http://www.w3.org/2001/XMLSchema-instance"
    xsi:schemaLocation="http://www.loc.gov/MARC21/slim http://www.loc.gov/standards/marcxml/schema/MARC21slim.xsd"
    xmlns="http://www.loc.gov/MARC21/slim">

  <leader>02631cam a2200373 i 4500</leader>
  <controlfield tag="001">22178672</controlfield>
  <controlfield tag="005">20230314114603.0</controlfield>
  <controlfield tag="008">210816s2022    paua     b    001 0 eng  </controlfield>
  <datafield tag="010" ind1=" " ind2=" ">
    <subfield code="a">  2021040439</subfield>
  </datafield>
  <datafield tag="020" ind1=" " ind2=" ">
    <subfield code="a">9781799874997</subfield>
  </datafield>
  <datafield tag="020" ind1=" " ind2=" ">
    <subfield code="a">9781799875000</subfield>
  </datafield>
  <datafield tag="020" ind1=" " ind2=" ">
    <subfield code="z">9781799875017</subfield>
  </datafield>
  <datafield tag="040" ind1=" " ind2=" ">
    <subfield code="a">IEN/DLC</subfield>
    <subfield code="b">eng</subfield>
    <subfield code="e">rda</subfield>
    <subfield code="c">DLC</subfield>
    <subfield code="d">DLC</subfield>
  </datafield>
  <datafield tag="042" ind1=" " ind2=" ">
    <subfield code="a">pcc</subfield>
  </datafield>
  <datafield tag="043" ind1=" " ind2=" ">
    <subfield code="a">fb-----</subfield>
  </datafield>
  <datafield tag="050" ind1="0" ind2="0">
    <subfield code="a">HC800.Z9</subfield>
    <subfield code="b">E5483 2022</subfield>
  </datafield>
  <datafield tag="082" ind1="0" ind2="4">
    <subfield code="a">338.967</subfield>
    <subfield code="2">23</subfield>
  </datafield>
  <datafield tag="245" ind1="0" ind2="0">
    <subfield code="a">Microfinance and sustainable development in Africa /</subfield>
    <subfield code="c">Yahaya Alhassan,  University of Sunderland in London, UK, Uzoechi Nwagbara, University of the WEst Scot;and, UK &amp; Cardiff Metropolitan University, UK.</subfield>
  </datafield>
  <datafield tag="260" ind1=" " ind2=" ">
    <subfield code="a">Hershey, PA, :</subfield>
    <subfield code="b">Business Science Reference, an imprint of IGI Global,</subfield>
    <subfield code="c">2022.</subfield>
  </datafield>
  <datafield tag="300" ind1=" " ind2=" ">
    <subfield code="a">xxxi, 368 pages :</subfield>
    <subfield code="b">illustrations ;</subfield>
    <subfield code="c">27 cm</subfield>
  </datafield>
  <datafield tag="504" ind1=" " ind2=" ">
    <subfield code="a">Includes bibliographical references (pages 306-360) and index.</subfield>
  </datafield>
  <datafield tag="505" ind1="0" ind2="0">
    <subfield code="t">Reconnoitering the possibilities of Sustainable Microfinance based on Indian experience for the preservation of magnificent African natural resources /</subfield>
    <subfield code="r">Manpreet Arora, Swati Singh, Roshan Sharma --</subfield>
    <subfield code="t">Service failure, recovery and sustainable development: Towards justice in the extractive industry Nigeria /</subfield>
    <subfield code="r">Anthony Kalagbor --</subfield>
    <subfield code="t">The Shortfalls of the Nigeria Oil and Gas Act 2010 in Achieving Sustainable Development /</subfield>
    <subfield code="r">Manuchim Adele --</subfield>
    <subfield code="t">The Relationship between Developmental Social Work, Poverty Alleviation, and Sustainable Development in Nigeria: Issues, Challenges, and Opportunities /</subfield>
    <subfield code="r">Chigozie Ugwoji, Uzoechi Nawgbara --</subfield>
    <subfield code="t">Role of Microfinance in Entrepreneurship Development /</subfield>
    <subfield code="r">Neeta Baporikar --</subfield>
    <subfield code="t">Investigating Entrepreneurial Success Factors of Businesses Owned by Nigerian Women in the UK /</subfield>
    <subfield code="r">Victoria Temitope, Seema Sharma.</subfield>
  </datafield>
  <datafield tag="520" ind1=" " ind2=" ">
    <subfield code="a">"This book offers great insight into theoretical, policy-oriented and practical ways to address some of the challenges of using microfinance for sustainable development in Africa"--</subfield>
  </datafield>
  <datafield tag="650" ind1=" " ind2="0">
    <subfield code="a">Sustainable development</subfield>
    <subfield code="z">Africa, Sub-Saharan.</subfield>
  </datafield>
  <datafield tag="650" ind1=" " ind2="0">
    <subfield code="a">Microfinance</subfield>
    <subfield code="z">Africa, Sub-Saharan.</subfield>
  </datafield>
  <datafield tag="650" ind1=" " ind2="0">
    <subfield code="a">Poverty</subfield>
    <subfield code="z">Africa, Sub-Saharan.</subfield>
  </datafield>
  <datafield tag="651" ind1=" " ind2="0">
    <subfield code="a">Africa, Sub-Saharan</subfield>
    <subfield code="x">Economic conditions</subfield>
    <subfield code="y">21st century.</subfield>
  </datafield>
  <datafield tag="700" ind1="1" ind2=" ">
    <subfield code="a">Alhassan, Yahaya,</subfield>
    <subfield code="d">1971-</subfield>
    <subfield code="e">editor.</subfield>
  </datafield>
  <datafield tag="700" ind1="1" ind2=" ">
    <subfield code="a">Nwagbara, Uzoechi,</subfield>
    <subfield code="e">editor,</subfield>
    <subfield code="e">author.</subfield>
  </datafield>
  <datafield tag="776" ind1="0" ind2="8">
    <subfield code="i">Online version:</subfield>
    <subfield code="t">Microfinance and sustainable development in Africa</subfield>
    <subfield code="d">Hershey : Business Science Reference, 2021</subfield>
    <subfield code="z">9781799875017</subfield>
    <subfield code="w">(DLC) 2021040440</subfield>
  </datafield>
  <datafield tag="906" ind1=" " ind2=" ">
    <subfield code="a">7</subfield>
    <subfield code="b">cbc</subfield>
    <subfield code="c">orignew</subfield>
    <subfield code="d">1</subfield>
    <subfield code="e">ecip</subfield>
    <subfield code="f">20</subfield>
    <subfield code="g">y-gencatlg</subfield>
  </datafield>
  <datafield tag="942" ind1=" " ind2=" ">
    <subfield code="2">lcc</subfield>
    <subfield code="c">BOOKS</subfield>
    <subfield code="h">HC800.Z9E5483 2022</subfield>
  </datafield>
  <datafield tag="999" ind1=" " ind2=" ">
    <subfield code="c">31539</subfield>
    <subfield code="d">31539</subfield>
  </datafield>
  <datafield tag="952" ind1=" " ind2=" ">
    <subfield code="0">0</subfield>
    <subfield code="1">0</subfield>
    <subfield code="2">lcc</subfield>
    <subfield code="4">0</subfield>
    <subfield code="7">0</subfield>
    <subfield code="a">MUC</subfield>
    <subfield code="b">MUC</subfield>
    <subfield code="c">GEN</subfield>
    <subfield code="d">2023-03-14</subfield>
    <subfield code="e">Purchase (UBC)</subfield>
    <subfield code="g">24500.00</subfield>
    <subfield code="l">0</subfield>
    <subfield code="o">HC800.Z9E5483 2022</subfield>
    <subfield code="p">39324</subfield>
    <subfield code="r">2023-03-21</subfield>
    <subfield code="w">2023-03-14</subfield>
    <subfield code="y">BOOKS</subfield>
  </datafield>
</record>
